[Event "MPL National Senior Chess-ch 2022"]
[Site "Kanpur"]
[Date "2022.03.03"]
[Round "11.6"]
[White "Karthikeyan, Murali"]
[Black "Aditya Mittal"]
[Result "1-0"]
[WhiteElo "2622"]
[BlackElo "2487"]
[Annotator "TA"]
[PlyCount "117"]
[EventDate "2022.02.25"]
[EventCountry "IND"]
[SourceTitle "playchess.com"]
[Source "ChessBase"]
[SourceQuality "1"]

{[%evp 11,117,6,1,6,30,23,23,36,31,36,36,25,35,0,41,40,36,-29,-53,-58,0,0,43,0,2,9,9,6,12,9,54,47,59,50,74,75,90,81,74,46,27,7,10,6,4,2,17,0,0,0,0,0,0,0,16,23,258,275,270,267,275,279,267,272,562,550,657,632,1095,1092,1055,1045,919,851,5497,2702,29976,9886,2237,958,29974,29977,29976,29973,29973,29974,29973,29974,2098,1747,5935,1568,29990,29989,29991,29988,29988,0,29991,29992,29992,29993,29993,29994,29994,29995,29995,29996]} 1. e4 c5 2. Nf3 Nc6 3. Bb5 g6 4. c3 Bg7 5. d4 Qb6 6. a4 {[%cal Ba2a4,Ba4a5][%mdl 32]} cxd4 7. O-O {B31: Sicilian: 2...Nc6 3 Bb5 g6.} a6 8. Bxc6 dxc6 9. a5 {White has an edge.} Qc7 10. cxd4 {[%cal Bc3d4,Bd4d5][%mdl 32]} Bg4 11. Be3 Rd8 {[#]} 12. d5 $146 {And now Bb6 would win.} ({Predecessor:} 12. Ra4 Nf6 13. h3 Bd7 14. Nc3 O-O 15. Qc1 Qc8 16. Kh2 Ne8 17. e5 Nc7 18. Bh6 {0-1 (59) Isgandarov,S (2113)-Abbasov,A (2190) Baku 2019}) 12... Qd7 (12... Bxb2 $2 13. Ra2 Bxf3 14. gxf3 $18) (12... Rc8 $11 {might be stronger.}) 13. Bb6 $14 Rc8 14. h3 (14. dxc6 $14 Qxc6 15. Ra3 (15. Nc3 Nf6 $11)) 14... Bxf3 $11 15. Qxf3 cxd5 (15... Bxb2 $15 16. Ra2 Be5) 16. exd5 Qf5 (16... Bxb2 $11 17. Ra2 Bg7) 17. Qd1 (17. Qxf5 $14 gxf5 18. Nc3) 17... Nf6 18. Nc3 {White wants to play d6.} O-O 19. Re1 Rfe8 20. Ra4 Nd7 (20... Qd7 $11 {is superior.}) 21. g4 $14 Qf6 22. Bd4 Qd6 23. Ne4 $1 Qc7 24. Bxg7 {White is more active.} Kxg7 25. Qd4+ (25. Ra3 $5 {[%cal Ra3e3]}) 25... Kg8 26. Rd1 Qf4 27. Nc3 Qxd4 28. Rdxd4 Rc5 29. Rab4 Rb8 30. d6 exd6 31. Rxd6 Ne5 32. Ne4 Rxa5 33. f4 {aiming for Kg2.} Nf3+ $2 {[#] Black is on the road to losing.} (33... Ra1+ $11 {and Black stays safe.} 34. Kf2 a5 $1) 34. Kf2 $1 $18 Nh4 35. Kg3 g5 36. Nxg5 Ng6 37. Rd7 {[%csl LRb7,LRf7]} b5 $2 (37... Nf8 {keeps fighting.} 38. Rc7 (38. Rxf7 h6 $11) (38. Rdxb7 Rxb7 39. Rxb7 Rb5 $18) 38... Rd5 39. Nxf7 (39. Rcxb7 Rxb7 40. Rxb7 Rd7 $18) (39. Rbxb7 Rxb7 40. Rxb7 Rd3+ 41. Kf2 Rd7 $18) 39... Rd3+ 40. Kh4 Rd7) 38. Nxf7 {f5 is the strong threat.} Ra4 39. Nh6+ Kh8 40. Rxa4 bxa4 {[%mdl 4096] Endgame KRN-KRN} 41. g5 Nf8 42. Ra7 Rxb2 43. Rxa6 (43. f5 $142 Rb8 44. Rxa6) 43... Rb4 44. Ra7 (44. Ra8 $142 Kg7 45. f5 a3 46. Ra7+ Nd7 47. Rxd7+ Kf8 48. f6 Rb3+ 49. Kg4) 44... Rb3+ 45. Kg4 {Intending Ra8 and mate.} a3 46. Ra8 Kg7 47. h4 Rb4 48. Ra7+ Kh8 49. Rxa3 Rb8 50. Ra7 {Black must now prevent f5.} Ne6 51. h5 (51. f5 $142 Rb4+ 52. Kf3 Nd4+ 53. Ke3 Nxf5+ 54. Nxf5) 51... Rf8 52. f5 {[%cal Bf4f5,Bf5f6][%mdl 32]} Ng7 53. Nf7+ Kg8 54. Nh6+ Kh8 55. g6 {White mates.} hxg6 56. hxg6 Rb8 57. f6 {[%csl Ga7][%cal Rf6g7]} Rb4+ 58. Kf3 {[%csl Ga7][%cal Rf6g7]} Rb3+ 59. Ke2 {Weighted Error Value: White=0.18 (very precise) /Black=0.77} 1-0

[Event "MPL National Senior Chess-ch 2022"]
[Site "Kanpur"]
[Date "2022.03.03"]
[Round "11.7"]
[White "Mohammad Nubairshah Shaikh"]
[Black "Harsha Bharathakoti"]
[Result "1/2-1/2"]
[WhiteElo "2436"]
[BlackElo "2499"]
[Annotator "TA"]
[PlyCount "88"]
[EventDate "2022.02.25"]
[EventCountry "IND"]
[SourceTitle "playchess.com"]
[Source "ChessBase"]
[SourceQuality "1"]

{[%evp 9,88,26,28,14,22,11,17,-8,-10,-19,-14,-67,-61,-62,0,-37,-35,-19,-27,-33,0,0,0,0,16,37,57,0,68,41,73,91,88,50,88,81,154,159,145,0,0,0,0,0,0,0,0,0,0,0,0,0,0,-8,0,0,0,0,0,0,0,0,0,0,0,0,278,270,270,0,0,0,0,0,0,0,0,0,0,0,0]} 1. Nf3 d5 2. g3 Nd7 3. d4 Nb6 4. Bg2 Bf5 5. Nh4 Bg4 6. h3 {D02: 1 d4 d5 2 Nf3 sidelines, including 2...Nf6 3 g3 and 2...Nf6 3 Bf4.} Bh5 7. Nd2 e6 8. c4 c6 {[#]} 9. b3 $146 ({Predecessor:} 9. c5 Nd7 10. b4 a5 11. b5 cxb5 12. Qb3 b4 13. e4 Ngf6 14. O-O Be7 15. exd5 exd5 {1-0 (28) Tadic,B (2484)-Doshi,M (2379) Arandjelovac 2021}) 9... Bb4 10. c5 {[#]} (10. cxd5 $11 Bc3 11. Rb1 Nxd5 12. O-O) 10... Bc3 $1 $15 11. Rb1 {[#]} g5 $1 12. g4 (12. Nhf3 Bg6) 12... gxh4 13. gxh5 Nd7 14. e3 e5 15. O-O Ngf6 16. b4 Bxd2 ({Much less strong is} 16... exd4 17. exd4 a5 18. Re1+ Kf8 19. bxa5 $16) 17. Bxd2 Rg8 18. Kh1 (18. Kh2 $14) 18... Qe7 (18... Ne4 $1 $11) 19. b5 $14 Qe6 20. bxc6 bxc6 21. f4 Ne4 22. Be1 Ng3+ (22... exd4 $142 23. exd4 Ndf6) 23. Bxg3 $16 Rxg3 24. Rf3 (24. fxe5 $16 {And now Qe2 would win.} Rxh3+ 25. Kg1 Rxe3 26. Rf3 Rxf3 27. Qxf3) 24... Rxf3 $11 25. Qxf3 exd4 26. exd4 Rb8 27. Rxb8+ Nxb8 28. Qf2 {To avoid Qe1+} Qf6 29. Qe3+ Kd8 30. Bf3 Qf5 31. Kg2 Na6 32. a3 Nc7 {...Ne6 is the strong threat.} 33. Bg4 $1 Qc2+ 34. Kg1 Qb1+ 35. Kf2 Qb2+ 36. Kf1 Nb5 {[%csl LRa3,LRd4]} 37. Qe5 Qxd4 $2 {[%mdl 8192] [#]} (37... Qa1+ $11 {and Black stays safe.} 38. Kg2 Qb2+ 39. Kh1 Qc1+ 40. Kh2 Qd2+ 41. Kh1 Qc1+ 42. Kh2 Qd2+ 43. Kh1 Qc1+) 38. Qb8+ $1 $18 ({Worse is} 38. Qf5 Qc4+ 39. Kg2 (39. Kg1 Qxc5+ 40. Kg2 Qd6 $17) 39... Qe4+ 40. Qxe4 dxe4 $15) 38... Ke7 {[#]} 39. a4 $2 (39. Qb7+ $1 $18 Kf8 40. Qc8+ Kg7 41. h6+ Kxh6 42. Qxc6+ Kg7 43. Qxb5) 39... Qd3+ {The position is equal.} 40. Kf2 {White wants to mate with Qb7+.} Qc2+ 41. Kf1 {White threatens Qb7+ and mate.} Qc1+ 42. Kg2 {Threatening mate with Qb7+.} Qb2+ 43. Kf1 {Threatens to win with Qb7+. Dancing on a razor blade.} Qc1+ 44. Kg2 {Qb7+ would kill now.} Qc2+ {Weighted Error Value: White=0.16 (very precise) /Black=0.26 (precise)} 1/2-1/2

[Event "MPL National Senior Chess-ch 2022"]
[Site "Kanpur"]
[Date "2022.03.03"]
[Round "11.8"]
[White "Lalith Babu M R"]
[Black "Koustav Chatterjee"]
[Result "0-1"]
[WhiteElo "2563"]
[BlackElo "2466"]
[Annotator "TA"]
[PlyCount "60"]
[EventDate "2022.02.25"]
[EventCountry "IND"]
[SourceTitle "playchess.com"]
[Source "ChessBase"]
[SourceQuality "1"]

{[%evp 9,60,0,0,-33,-31,-80,-83,-101,-90,-139,-124,-125,-140,-123,-117,-149,-95,-95,-87,-80,0,0,-5,-11,0,0,0,-2,0,0,0,-50,-39,-70,-59,-60,-54,-102,-76,-104,-104,-124,-120,-598,-621,-563,-594,-591,-525,-548,-583,-607,-597]} 1. c4 Nf6 2. Nc3 e5 {[%cal Be7e5,Be5e4][%mdl 32]} 3. Nf3 Nc6 4. g3 Bb4 5. Qc2 O-O 6. Nd5 {A29: English Opening: Four Knights Variation with 4 g3.} Re8 7. Bg2 (7. e4 $15) 7... e4 $17 8. Ng1 {Black is better.} Bc5 {[#]} 9. Nh3 $146 (9. a3 $142) ({Predecessor:} 9. a3 Nd4 10. Qc3 Nxd5 11. cxd5 Bb6 12. e3 Nb5 13. Qc2 Nd6 14. Ne2 c6 15. Nc3 {1-0 (40) Luce,S (2340)-Gola,M (2375) Prague 1989}) 9... Nd4 10. Qc3 Nxd5 11. cxd5 d6 12. b4 {[#]} Nf3+ 13. Bxf3 Bxh3 (13... exf3 $6 14. Nf4 Bb6 15. Bb2 $11) 14. Bh5 Qg5 15. Bxf7+ $1 $11 Kxf7 16. bxc5 {[%cal Og3g4]} Qxd5 17. Bb2 Re5 {[%cal Oe4e3] Active counter play!} 18. Qe3 {cxd6 is the strong threat.} Re6 19. cxd6 {[%cal Og3g4]} ({Reject} 19. Qc3 e3 20. f3 (20. Qxg7+ $2 Ke8 $19) 20... Qxd2+ 21. Qxd2 exd2+ 22. Kxd2 dxc5 $17) 19... c5 20. d7 (20. Rg1 $11 Rg6 21. Rd1) 20... Rg6 21. a4 Rd8 $1 22. a5 Rxd7 23. Bc3 (23. Rg1 $15 {might be stronger.}) 23... h5 24. Rg1 Kg8 25. Ra4 Qb3 {[%cal Rb3b1] [#]} 26. Qxe4 {[%mdl 8192] This move loses the game for White.} (26. Ra1 $17) 26... Re6 $19 {Black is clearly winning.} 27. f3 Rxe4 28. Rxe4 b5 29. axb6 axb6 {[%cal Ba7b6,Bb6b5][%mdl 32] And now ...b5 would win.} 30. Kf2 b5 {Weighted Error Value: White=0.34/Black=0.11 (very precise)} 0-1

[Event "MPL National Senior Chess-ch 2022"]
[Site "Kanpur"]
[Date "2022.03.03"]
[Round "11.9"]
[White "Adhiban, B.."]
[Black "Gusain, Himal"]
[Result "1/2-1/2"]
[WhiteElo "2648"]
[BlackElo "2408"]
[Annotator "TA"]
[PlyCount "89"]
[EventDate "2022.02.25"]
[EventCountry "IND"]
[SourceTitle "playchess.com"]
[Source "ChessBase"]
[SourceQuality "1"]

{[%evp 21,89,0,16,0,13,0,0,-3,0,0,3,9,15,0,0,0,2,-11,-6,-7,-5,-10,-12,-24,45,23,51,0,0,0,0,0,7,8,18,18,20,11,11,11,13,7,7,0,0,0,28,29,31,29,36,0,0,0,0,0,0,0,0,0,0,3,38,0,0,0,37,0,0,0]} 1. b3 d5 2. Bb2 Nf6 3. Nf3 e6 4. g3 Be7 5. c4 O-O 6. Bg2 b6 7. O-O Bb7 8. e3 c5 9. Nc3 dxc4 10. bxc4 Nc6 11. Qe2 Rc8 12. Ne1 {A14: English Opening: 1...e6 with b3 by White.} Qd7 13. f4 Rfd8 14. Rd1 Nb4 15. Bxb7 Qxb7 16. a3 Nc6 {[#]} 17. f5 $146 ({Predecessor:} 17. g4 a6 18. Ng2 b5 19. g5 Ne8 20. cxb5 axb5 21. Nxb5 c4 22. a4 Nb4 23. h4 {1-0 (45) Rakhmanov,A (2638)-Lopez Martinez,J (2567) Budva 2019}) 17... Qd7 18. fxe6 fxe6 19. Nf3 Qd3 20. Qxd3 Rxd3 21. Kf2 Ng4+ 22. Ke2 $1 Rdd8 ({Black should try} 22... Rcd8 $11) 23. Ne4 Bf6 {[#]} 24. Bxf6 (24. h3 $1 $14) 24... Nxf6 $11 25. Nfg5 Nxe4 26. Nxe4 Rf8 27. d3 Rxf1 28. Rxf1 {[%mdl 4096] Endgame KRN-KRN} h6 29. a4 Rf8 30. Rd1 Kf7 31. Nd2 Ke7 32. Nf3 Kd6 33. g4 Ne5 34. Nxe5 Kxe5 {KR-KR} 35. h4 Kd6 36. a5 bxa5 37. Ra1 Kc6 38. Rxa5 Kb6 39. Rb5+ Kc6 40. Rb1 g6 41. Ra1 Kb6 42. Rb1+ Kc6 43. Ra1 Kb6 44. Rb1+ Kc6 45. Ra1 {Weighted Error Value: White=0.08 (flawless) /Black=0.10 (very precise)} 1/2-1/2

[Event "MPL National Senior Chess-ch 2022"]
[Site "Kanpur"]
[Date "2022.03.03"]
[Round "11.10"]
[White "Ratnakaran, K.."]
[Black "Gupta, Abhijeet"]
[Result "0-1"]
[WhiteElo "2316"]
[BlackElo "2628"]
[Annotator "TA"]
[PlyCount "86"]
[EventDate "2022.02.25"]
[EventCountry "IND"]
[SourceTitle "playchess.com"]
[Source "ChessBase"]
[SourceQuality "1"]

{[%evp 12,86,2,13,12,12,25,50,71,68,74,39,53,55,56,-45,19,29,17,0,47,35,39,0,0,-33,-3,-30,-22,-55,-57,-111,-54,-65,-60,-61,-41,-47,-48,-53,-57,-91,-106,-92,-56,-121,-130,-158,-145,-152,-100,-105,-104,-98,-100,-95,-89,-143,-136,-173,-172,-164,-187,-172,-173,-496,-502,-411,-251,-575,-561,-513,-513,-513,-513,-800,-791]} 1. e4 e5 2. Nf3 Nc6 3. Bb5 a6 4. Ba4 Nf6 5. Qe2 b5 6. Bb3 Bc5 7. a4 b4 {[#] C77: Ruy Lopez: 3...a6 4 Ba4 Nf6, unusual lines.} 8. Bxf7+ $1 Kxf7 9. Qc4+ d5 {White is slightly better.} 10. Qxc5 Bb7 11. exd5 {[#]} (11. d3 {keeps more tension.} Qd6 12. Be3 d4 13. Qc4+ Ke8 14. Bg5) 11... Qxd5 $146 ({Predecessor:} 11... Nxd5 12. d3 h6 13. O-O Qd7 14. Nbd2 Rae8 15. Re1 Re7 16. b3 Rhe8 17. Bb2 Nf4 {1-0 (37) Rudzinska,M (1867)-Raczykowska,P (1847) Szczyrk 2017}) 12. Qxd5+ Nxd5 13. O-O (13. d3 $14) 13... e4 (13... Nf4 $1 $15) 14. Ng5+ $11 {[%cal Bf3g5,Bg5e6,Be6c5][%mdl 32]} Kg6 15. Ne6 {Inhibits Nd4.} Rae8 (15... Rab8 $11) 16. Nc5 $14 Bc8 17. c3 Rhf8 18. cxb4 Ndxb4 19. Ra3 Rf5 20. Rc3 Nd4 21. Kh1 (21. Rc4 $15 Ne2+ 22. Kh1) 21... Ree5 (21... a5 $17 {aiming for ...Ne2.} 22. Rc4 Na6 $1) 22. Nb3 $15 Nxb3 23. Rxb3 a5 24. Rg3+ Kf7 25. d4 exd3 26. Bd2 Re2 $36 {[%mdl 2048] Black has strong initiative.} 27. Kg1 Ba6 28. Bc3 (28. f4 $15) 28... g6 $17 29. Rh3 h5 30. g4 Rg5 (30... hxg4 $142 31. Rh7+ Kf8 32. Rxc7 Nd5) 31. Rf3+ Ke8 {Active counter play!} 32. h3 hxg4 33. Rg3 Rh5 34. Rxg4 (34. hxg4 $142 Rh7 35. Rg2) 34... Rxh3 {...Bb7 is the strong threat.} 35. Kg2 Rh5 {Strongly threatening ...Bc8.} 36. Rxg6 Bb7+ 37. Kg3 {[#]} Nd5 $1 {And now ...Ne7 would win.} 38. Rd1 $2 (38. Kg4 {is more resistant.} Rh7 39. Kg3) 38... Ne7 $19 39. Rf6 Re4 {( -> ...Rg5+)} 40. Rxd3 $2 (40. f3 {is a better chance.} Rg5+ 41. Kf2 Re2+ 42. Kf1) 40... Rg5+ {Black is clearly winning.} 41. Kf3 Ng8 42. Nd2 Nxf6 43. Bxf6 (43. Nxe4 $142 Bxe4+ 44. Ke3 Bxd3 45. Kxd3) 43... Ree5+ {Weighted Error Value: White=0.47/Black=0.16 (very precise)} 0-1

[Event "MPL National Senior Chess-ch 2022"]
[Site "Kanpur"]
[Date "2022.03.03"]
[Round "11.12"]
[White "Aronyak Ghosh"]
[Black "Shyaamnikhil P"]
[Result "1/2-1/2"]
[WhiteElo "2482"]
[BlackElo "2442"]
[Annotator "TA"]
[PlyCount "76"]
[EventDate "2022.02.25"]
[EventCountry "IND"]
[SourceTitle "playchess.com"]
[Source "ChessBase"]
[SourceQuality "1"]

{[%evp 25,76,13,24,9,17,15,14,16,12,18,16,16,16,0,0,0,9,5,5,4,6,0,0,0,0,0,0,0,0,0,0,0,0,0,0,0,0,0,0,0,0,0,0,0,0,0,0,0,0,0,0,0,0]} 1. c4 e6 2. Nc3 c5 3. Nf3 Nf6 4. d4 cxd4 5. Nxd4 Nc6 6. Ndb5 d5 7. Bf4 e5 8. cxd5 exf4 9. dxc6 bxc6 10. Qxd8+ Kxd8 11. Rd1+ Bd7 12. Nd6 Bxd6 13. Rxd6 Rb8 14. Rd2 {A33: Symmetrical English: 2 Nf3 Nf6 3 d4 cxd4 4 Nxd4 e6 5 Nc3 Nc6.} Re8 {The position is equal.} 15. g3 f3 16. Kd1 fxe2+ 17. Bxe2 Kc7 18. Kc1 Re5 {[#]} 19. Bf3 $146 ({Predecessor:} 19. Rhd1 Bf5 20. Rd4 Rbe8 21. R1d2 h5 22. h4 Rc5 23. Rc4 Rxc4 24. Bxc4 Re1+ 25. Rd1 Re7 26. Rd2 Re1+ 27. Rd1 Re7 28. Rd2 Re1+ 29. Rd1 Re7 30. Rd2 Re1+ {½-½ (30) Andersson,U (2582)-Tregubov,P (2642) Barcelona 2009}) 19... Rbe8 20. b3 Re1+ 21. Rxe1 Rxe1+ 22. Kb2 g5 23. Re2 Rf1 24. Ne4 Nxe4 25. Bxe4 $11 {[%mdl 4096] Endgame KRB-KRB} f5 26. Bd3 Rh1 27. f4 gxf4 28. gxf4 h5 29. Rf2 h4 30. Kc3 c5 31. Rg2 a5 32. Rf2 Kd6 33. Rd2 {[#] Be4+ is the strong threat.} Kc7 34. Rf2 Be6 35. Rd2 Rc1+ 36. Rc2 Rh1 37. Rd2 Rc1+ 38. Rc2 Rh1 {An uneventful encounter.  Weighted Error Value: White=0.02 (flawless) /Black=0.01 (flawless)} 1/2-1/2